000 01165nam a2200325 a 4500
001 000042076
003 DO-SdBNP
005 20240410073848.0
007 ta
008 131112s2013 dr a 001 0 spa d
020 _a9789945074857
040 _aDO-SdBNP
_bspa
_cBNPHU
082 4 _a972.9304
_bH565a
_222
100 1 _aHerrera, César A.,
_d1910-1988
_98333
245 1 0 _aAnexión-restauración /
_cCésar A. Herrera.
260 _aSanto Domingo :
_bArchivo General de la Nación,
_c2013.
300 _av. :
_bil. ;
_c23 cm.
490 1 _aArchivo General de la Nación
_v185
490 1 _aAcademia Dominicana de la Historia
_v102
500 _aIncluye índice onomástico
504 _aBibliografía : p. 717-718
590 _aInventariado, 2019/BT
651 0 _aRepública Dominicana --
_xHistoria --
_y1844-1930
_91009
651 4 _aRepública Dominicana
_yAnexión a España 1861-1865
_969068
651 0 _aREPÚBLICA DOMINICANA
_xHISTORIA
_yRESTAURACIÓN 1863-1865
_9896
830 0 _aArchivo General de la Nación
_n185
_969069
830 _aAcademia Dominicana de la Historia
_9770
910 _aValidado. Control de calidad. MFF
942 _2ddc
_cLBS1
999 _c41565
_d41565